000 00550nam a2200205Ia 4500
003 OSt
005 20230518143301.0
008 210423s2011 xx 000 0 und d
020 _a81-87134-31-3
040 _cAL
082 _a363.73 BHAE
_223
100 _aBHATTACHARYA (Shelley).
_9108308
245 _aEnvironmental toxicology.
260 _aNew Delhi
_bBooks & Allied Pvt Ltd
_c2011
300 _aiii,222
_bPB
365 _b225
_cINR
650 _aEnvironmental Problems
_9108309
906 _aEnvironmental ; toxicology.
942 _2ddc
_cBK
999 _c165108
_d165108